Statistics for Royal Houses of Music

Click here to take the quiz!

General Stats

  • This quiz has been taken 10 times
  • The average score is 10 of 36

Answer Stats

GenrePositionAnswer% Correct
House of PopKingMichael Jackson
90%
House of Rock & RollKingElvis Presley
80%
House of SoulQueenAretha Franklin
70%
House of PopQueenMadonna
70%
House of ReggaeKingBob Marley
60%
House of RapKingEminem
50%
House of CountryQueenReba McEntire or Dolly Parton
50%
House of K-PopKingsBigBang or BTS
40%
House of JazzQueenElla Fitzgerald
40%
House of SoulGodfatherJames Brown
40%
House of PopPrinceJustin Bieber
40%
House of ChristmasQueenMariah Carey
40%
House of Rock & RollQueenTina Turner or Stevie Nicks
40%
House of K-PopQueens2NE1 or Blackpink
30%
House of PopPrincessBritney Spears
30%
House of Hip HopQueenLauryn Hill or Missy Elliott
30%
House of SoulPrinceMarvin Gaye
30%
House of RapQueenNicki Minaj
30%
House of FolkKingBob Dylan
20%
House of Rock & RollFatherChuck Berry
20%
House of CountryKingGeorge Strait
20%
House of Latin MusicQueenShakira
20%
House of Latin MusicTrap KingBad Bunny
10%
House of PopGoddessCher
10%
House of Latin MusicPop KingEnrique Iglesias
10%
House of SoulEmpressGladys Knight
10%
House of CountryFatherJimmie Rodgers
10%
House of Rock & RollArchitectLittle Richard
10%
House of R&BKingR. Kelly or Usher
10%
House of SoulKingSam Cooke or Otis Redding
10%
House of Rock & RollGodmotherSister Rosetta Tharpe
10%
House of R&BPrincessAaliyah
0%
House of RapPrincessIce Spice
0%
House of R&BQueenMary J. Blige
0%
House of ChristmasKingMichael Bublé
0%
House of K-PopPrincesShinee
0%

Score Distribution

Percentile by Number Answered

Percent of People with Each Score

Your Score History

You have not taken this quiz